Invitation to the waltz
Saved in:
| Main Author: | |
|---|---|
| Format: | Book |
| Language: | English |
| Published: |
London :
Virago Press,
1981.
|
| Subjects: | |
| Tags: |
Add Tag
No Tags, Be the first to tag this record!
|
MARC
| LEADER | 00000cam a2200000 i 4500 | ||
|---|---|---|---|
| 001 | 1/35524 | ||
| 008 | 030512s1981 enk| ||| |||| ||eng|| | ||
| 020 | |a 0860682021 | ||
| 035 | |l 10069893 | ||
| 040 | |a GR-MyUa |b gre |e AACR2 | ||
| 041 | 0 | |a eng | |
| 082 | 7 | |a 823 |2 (22) | |
| 100 | 1 | |a Lehmann, Rosamond, |d 1901-1990. | |
| 245 | 1 | 0 | |a Invitation to the waltz / |c Rosamond Lehmann ; with an introduction by Janet Watts. |
| 260 | |a London : |b Virago Press, |c 1981. | ||
| 300 | |a 302 σ. ; |c 20 εκ. | ||
| 650 | 0 | |a English fiction. | |
| 852 | |a INST |b RHODES |e 20030512 |h 823 LEH |p 005400020529 |q 005400020529 |t BK |y 0 | ||
| 901 | |a BIBL4-2003-2 | ||
| 970 | |a ΚΟΥΛΑΚΙΟΤΗ |b ΛΙΤΣΑ |z 2003/05/12 | ||